| 000 | 00366nam a22001337a 4500 | ||
|---|---|---|---|
| 020 | _a9781845938475 | ||
| 082 |
_a338.1841 _bHIL/FA |
||
| 100 |
_aHill,Berkeley _9819 |
||
| 245 | _aFarm Incomes, wealth And agricultural Policy: Filling the CAP,s Core Information Gap | ||
| 250 | _a4 th | ||
| 260 |
_aOxfordshire _bCABI Publication _c2012 |
||
| 300 | _a315 | ||
| 942 | _cBK | ||
| 999 |
_c14480 _d14480 |
||